Formació : accions contra l'atur. FSE, Objectiu 3 / Diputació de Barcelona, Gabinet d'Integració Europea i Solidaritat accions contra l'atur. FSE, Objectiu 3 / Diputació de Barcelona, Gabinet d'Integració Europea i Solidaritat
ISBN:
84-7794-535-7
Descripción Física:
62 p. : taules ; 24 cm
Colección:
Quaderns del GIES ; 1
MARC
| LEADER | 00000nam a2200000Ia 4500 | ||
|---|---|---|---|
| 001 | 11825 | ||
| 008 | 160829s9999 xx 000 0 cat d | ||
| 020 | |a 84-7794-535-7 | ||
| 080 | |a E-1-54 | ||
| 245 | |a Formació : |b accions contra l'atur. FSE, Objectiu 3 / Diputació de Barcelona, Gabinet d'Integració Europea i Solidaritat | ||
| 260 | |a Barcelona : |b Diputació de Barcelona, Gabinet d'Integració Europea i Solidaritat, DL 1997 | ||
| 300 | |a 62 p. : |b taules ; |c 24 cm | ||
| 490 | |a Quaderns del GIES ; 1 | ||
| 650 | 0 | |a Formació ocupacional |9 36893 | |
| 650 | |a Formació professional |9 38621 | ||
| 710 | 2 | |a Fons Social Europeu |9 7014 | |
| 710 | 1 | |a Barcelona (Catalunya : Província). |b Gabinet d'Integració Europea i Solidaritat |9 55940 | |
| 901 | |a Arxiu | ||
| 942 | |n 1 | ||
| 952 | |0 0 |1 0 |4 0 |6 E154 |7 1 |9 46100 |a Arxiu |b Arxiu |d 2016-12-01 |l 0 |o E-1-54 |p 11825 |r 2016-12-01 00:00:00 |w 2016-12-01 |y ARXIU | ||
| 999 | |c 49602 |d 49602 | ||